Mathematical statistics / (Record no. 145559)

MARC details
000 -LEADER
fixed length control field 00871nam a22002297a 4500
005 - DATE AND TIME OF LATEST TRANSACTION
control field 20180615170216.0
010 ## - LCCN (DPL NO)
LC control number 1718EN-30 ENG-122736-37 B-689031-038
020 ## - INTERNATIONAL STANDARD BOOK NUMBER
International Standard Book Number 9788126919727 (v.1)
Terms of availability 595.00 (each)
020 ## - INTERNATIONAL STANDARD BOOK NUMBER
International Standard Book Number 9788126919734 (v.2)
Terms of availability 595.00 (each)
035 ## - SYSTEM CONTROL NUMBER
System control number EN-106268-69
035 ## - SYSTEM CONTROL NUMBER
System control number B-689031-038
037 ## - SOURCE OF ACQUISITION
Source of stock number/acquisition Atlantic
Stock number dpl
037 ## - SOURCE OF ACQUISITION
Source of stock number/acquisition DBAD/PUB.
082 ## - DEWEY DECIMAL CLASSIFICATION NUMBER
Classification number 519.5
100 ## - MAIN ENTRY--PERSONAL NAME
Personal name Gupta, K.R.
245 ## - TITLE STATEMENT
Title Mathematical statistics /
Statement of responsibility, etc by K.R. Gupta
260 ## - PUBLICATION, DISTRIBUTION, ETC. (IMPRINT)
Place of publication, distribution, etc New Delhi
Name of publisher, distributor, etc Atlantic
Date of publication, distribution, etc 2015
270 ## - ADDRESS
Address 7/22, Ansari Road, Darya Ganj,
City New Delhi
Postal code 110002
300 v# - PHYSICAL DESCRIPTION
Extent 2V.(vi,656p.; vi,657-1293p.)
Dimensions 24cm(pbk)
942 ## - ADDED ENTRY ELEMENTS (KOHA)
Source of classification or shelving scheme Dewey Decimal Classification
Item type English Books
Call number suffix GUP
Classification part 519.5
Holdings
Withdrawn status Lost status Not for loan Collection code Home library Current library Date acquired Source of acquisition Cost, normal purchase price Full call number Barcode Copy number Cost, replacement price Koha item type Materials specified (bound volume or other part)
      Non-fiction Ashok Vihar Ashok Vihar 15/06/2018 Atlantic pub-CUS103131/30.11.17/637/20.11.17/19.1.18 595.00 519.5 GUP B-689033 1 595.00 English Books Vol.-1
      Non-fiction Ashok Vihar Ashok Vihar 15/06/2018 Atlantic pub-CUS103131/30.11.17/637/20.11.17/19.1.18 595.00 519.5 GUP B-689034 1 595.00 English Books Vol-2
      Non-fiction Central Library Central Library 15/06/2018 Atlantic pub-CUS103131/30.11.17/637/20.11.17/19.1.18 595.00 519.5 GUP B-689031 1 595.00 English Books Vol.-1
      Non-fiction Central Library Central Library 15/06/2018 Atlantic pub-CUS103131/30.11.17/637/20.11.17/19.1.18 595.00 519.5 GUP B-689032 1 595.00 English Books Vol-2
      Non-fiction Janak Puri Janak Puri 15/06/2018 Atlantic pub-CUS103131/30.11.17/637/20.11.17/19.1.18 595.00 519.5 GUP B-689037 1 595.00 English Books Vol.-1
      Non-fiction Janak Puri Janak Puri 15/06/2018 Atlantic pub-CUS103131/30.11.17/637/20.11.17/19.1.18 595.00 519.5 GUP B-689038 1 595.00 English Books Vol-2
    Not For Loan Non-fiction D.B.Act.Division Patel Nagar 23/04/2018 DBAD/PUB 595.00 519.5 GUP EN-106268 1 595.00 English Books  
    Not For Loan Non-fiction D.B.Act.Division Patel Nagar 23/04/2018 DBAD/PUB 595.00 519.5 GUP EN-106269 1 595.00 English Books  
      Non-fiction Patel Nagar Patel Nagar 15/06/2018 Atlantic pub-CUS103131/30.11.17/637/20.11.17/19.1.18 595.00 519.5 GUP B-689035 1 595.00 English Books Vol.-1
      Non-fiction Patel Nagar Patel Nagar 15/06/2018 Atlantic pub-CUS103131/30.11.17/637/20.11.17/19.1.18 595.00 519.5 GUP B-689036 1 595.00 English Books Vol-2

© Delhi Public Library
Hit Counter
free hit counter